| 000 | 01429cam a2200361 a 4500 | ||
|---|---|---|---|
| 001 | EDZ0000071976 | ||
| 003 | StDuBDS | ||
| 005 | 20161031105140.0 | ||
| 006 | m||||||||d|||||||| | ||
| 007 | cr ||||||||||| | ||
| 008 | 120412s2005 enk fo| 001|0|eng d | ||
| 020 |
_a9781446215616 (ebook) : _cNo price |
||
| 040 |
_aStDuBDS _beng _cStDuBDS _epn |
||
| 049 | _aAlfaisal Main Library | ||
| 050 | 0 |
_aTK5105.875.I57 _bB34 2005 |
|
| 082 | 0 | 4 |
_a306.46 _223 |
| 100 | 1 |
_aBakardjieva, Maria, _d1959- |
|
| 245 | 1 | 0 |
_aInternet society _h[electronic resource] : _bthe Internet in everyday life / _cMaria Bakardjieva. |
| 260 |
_aLondon : _bSAGE, _cc2005. |
||
| 300 | _a1 online resource (xi, 220 p.) | ||
| 504 | _aIncludes bibliographical references and index. | ||
| 520 | 8 | _aMaria Bakardjieva investigates Internet use and its implications for society through insights into the daily experiences of ordinary users. She also examines how people interpret domesticate and creatively appropriate the Internet. | |
| 521 | _aSpecialized. | ||
| 588 | _aDescription based on print version record. | ||
| 650 | 0 | _aInternet. | |
| 650 | 0 |
_aInternet _xSocial aspects. |
|
| 650 | 0 | _aInformation society. | |
| 655 | 7 |
_aElectronic books. _2local |
|
| 710 | 2 | _aSage eBooks | |
| 776 | 0 | 8 |
_iPrint version : _z9780761943396 |
| 856 | 4 | 0 | _uhttp://ezproxy.alfaisal.edu/login?url=http://sk.sagepub.com/books/internet-society |
| 942 |
_2lcc _cEBOOKS |
||
| 999 |
_c480352 _d480352 |
||